| 000 | 00449nam a22001577a 4500 | ||
|---|---|---|---|
| 003 | OSt | ||
| 005 | 20150913153656.0 | ||
| 008 | 150913b xxu||||| |||| 00| 0 eng d | ||
| 040 | _cRUA | ||
| 082 | _aAGR SE 1996 B016 Or.1 | ||
| 100 |
_9402 _aSE, SOPHY. |
||
| 245 | _aCashew nut in cambodia ដំណាំស្វាយចន្ទីនៅកម្ពុជា | ||
| 260 |
_aPhnom Penh _bRUA _c1996 |
||
| 300 |
_a99p. _bill. _c29cm. |
||
| 942 |
_2ddc _cAGR |
||
| 999 |
_c381 _d381 |
||